000 00457nam a22001577a 4500
005 20240823103054.0
008 240823b |||||||| |||| 00| 0 eng d
041 _aEnglish/Afrikaans
082 _a349 LAW
100 _lEnglish
245 _aThe Laws of South West Africa 1966
260 _aWindhoek:
_bBy Authority,
_c1966
300 _blxxxiii, 185 pages;
_c25 cm.
650 _aLegal practice
_bLaw
942 _cBK
_6ALISON_BN_VRIES
999 _c2841
_d2841